| 000 | 00938nam0a22002531 4500 | ||
|---|---|---|---|
| 001 | rc\2584709 | ||
| 005 | 20250630121417.0 | ||
| 035 | _a(NLR Aleph) 006749113 | ||
| 090 |
_a5725635 _c5725635 |
||
| 100 | _a20110914d1929 |||y0rusy50 ca | ||
| 101 | 0 | _arus | |
| 102 | _aRU | ||
| 105 | _aa z |||a| | ||
| 200 | 1 |
_aТри республики _eПовесть из жизни школьников _fС. Баранов _gОбложка и 37 рис. В. М. Конашевича |
|
| 210 |
_a[Москва] _cМолодая гвардия _d1929 _e[Ленинград] _gтип. "Вестник Ленингр. облисполкома" |
||
| 215 |
_a113 с. _cил., черт. _d23х15 см. |
||
| 700 | 1 |
_aБаранов _bС.С. _gСергей Сергеевич |
|
| 702 | 1 |
_aКонашевич _bВ.М. _4440 |
|
| 801 | 0 |
_aRU _bNLR _gpsbo |
|
| 801 | 1 |
_aRU _bELAR _2rusmarc |
|
| 852 |
_aNLR _j79/285 |
||
| 942 | _cBOOK | ||
| 980 | _aNB | ||